00427cam a2200181ua 4500001000500000005001700005008003900022040000900061041000800070082000800078100002500086245003200111250000900143260002700152300001000179653003600189653002000225788720260515114251.0141230n ii |||gr||||Z||||||hin cMAIN ahin a920 aMachve, P.,eAuthor.1 aAgyeyacBy Prabhakar Machve a1st. aDelhi:bRajpal,c1991. a103p. aBiography, genealogy & insignia aHindi biography